Cours de langue et de civilisation francaise

Uloženo v:
Podrobná bibliografie
Hlavní autor: Mauger, G.
Médium: Kniha
Jazyk:Undetermined
Vydáno: París, Francia Hachette 1966
Témata:
Tagy: Přidat tag
Žádné tagy, Buďte první, kdo vytvoří štítek k tomuto záznamu!

MARC

LEADER 00000nam a2200000Ia 4500
008 170316s9999 xx 000 0 und d
090 |a 415-F M-5c 
100 |a Mauger, G. 
245 |a Cours de langue et de civilisation francaise 
260 |a París, Francia 
260 |b Hachette 
260 |c 1966 
300 |a 230 páginas Tomo I 
650 |a GRAMÁTICA FRANCESA 
999 |c 19232  |d 19232 
040 |a cru BVZT 
942 |c 15 D  |h 415-F M-5c  |2 z